| 000 | 00532nam a2200181Ia 4500 | ||
|---|---|---|---|
| 003 | GCL | ||
| 008 | 140319s9999 xx 000 0 ara d | ||
| 040 |
_aGCL / _cGCL |
||
| 082 | 0 | 4 |
_a658.4 _bل ا |
| 100 | 1 | _aابراهيم على البرلس | |
| 245 | 1 | 0 |
_aانماط جديدة فى الادارة / _cابراهيم على البرلس |
| 700 | 1 | _aليكرت، رنسيس | |
| 300 | _a447 | ||
| 490 |
_aالالف كتاب _v0 |
||
| 650 | 0 | 4 | _aادارة الاعمال |
| 650 | 0 | 4 | _aاسس الادارة |
| 942 |
_2ddc _cBK |
||
| 999 |
_c44070 _d44070 |
||